[Event "London Classic op 6th"]
[Site "London"]
[Date "2014.12.14"]
[Round "8"]
[White "Gschwendtner, Stanislav"]
[Black "Nordstrom, Hakon N"]
[Result "1/2-1/2"]
[WhiteElo "1998"]
[BlackElo "1836"]
[PlyCount "23"]
[EventDate "2014.12.08"]
[EventType "swiss"]
[EventRounds "9"]
[EventCountry "ENG"]
[SourceTitle "CBM 163 Extra"]
[Source "ChessBase"]
[SourceDate "2014.12.23"]
[SourceVersion "1"]
[SourceVersionDate "2014.12.23"]
[SourceQuality "1"]

1. c4 Nf6 2. Nc3 e5 3. e3 d5 4. cxd5 Nxd5 5. a3 c5 6. d4 exd4 7. exd4 Be6 8. Bb5+ Nd7 9. Nf3 Be7 10. Ne5 Nxc3 11. bxc3 0-0 12. 0-0 1/2-1/2

[Event "Chigorin Memorial 22nd"]
[Site "St Petersburg"]
[Date "2014.10.21"]
[Round "4"]
[White "Gurvich, Vitaly"]
[Black "Nordstrom, Hakon N"]
[Result "1-0"]
[WhiteElo "2106"]
[BlackElo "1847"]
[PlyCount "99"]
[EventDate "2014.10.18"]
[EventType "swiss"]
[EventRounds "9"]
[EventCountry "RUS"]
[SourceTitle "EXT 2015"]
[Source "ChessBase"]
[SourceDate "2014.11.20"]
[SourceVersion "1"]
[SourceVersionDate "2014.11.20"]
[SourceQuality "1"]

1. d4 e6 2. c4 f5 3. g3 Nf6 4. Bg2 c6 5. Nf3 d5 6. 0-0 Bd6 7. b3 Qe7 8. Ne5 0-0 9. Nd2 Nbd7 10. Bb2 Ne4 11. Ndf3 f4 12. Qc2 fxg3 13. hxg3 Ndf6 14. Nd2 Nxd2 15. Qxd2 Bd7 16. Nxd7 Nxd7 17. Qd3 Rf7 18. e4 dxe4 19. Qxe4 Nf6 20. Qe2 c5 21. Rad1 h5 22. d5 e5 23. Bh3 Ng4 24. Bxg4 hxg4 25. Qxg4 Rf6 26. Kg2 Raf8 27. Rfe1 Rf5 28. Bc1 Qe8 29. Rd2 R8f6 30. Rde2 Qf7 31. Be3 Rg6 32. Qh3 e4 33. Rh1 Kf8 34. Qh8+ Ke7 35. Qh4+ Kd7 36. Qxe4 Re5 37. Qh4 Rf6 38. Qg4+ Kc7 39. Bf4 Rg6 40. Qf3 Rf5 41. Bxd6+ Kxd6 42. Qe3 Rgf6 43. Rh8 Rf3 44. Qe5+ Kd7 45. Qe8+ Qxe8 46. Rhxe8 Rxf2+ 47. Rxf2 Kxe8 48. Rxf6 gxf6 49. Kf3 Kd7 50. Kf4 1-0

[Event "Chigorin Memorial 22nd"]
[Site "St Petersburg"]
[Date "2014.10.18"]
[Round "1"]
[White "Nordstrom, Hakon N"]
[Black "Polyaninov, Aleksey Vladimirovi"]
[Result "0-1"]
[WhiteElo "1847"]
[BlackElo "2295"]
[PlyCount "86"]
[EventDate "2014.10.18"]
[EventType "swiss"]
[EventRounds "9"]
[EventCountry "RUS"]
[SourceTitle "EXT 2015"]
[Source "ChessBase"]
[SourceDate "2014.11.20"]
[SourceVersion "1"]
[SourceVersionDate "2014.11.20"]
[SourceQuality "1"]

1. e4 c5 2. Nf3 e6 3. d4 cxd4 4. Nxd4 Qb6 5. Nc3 Bc5 6. Na4 Qa5+ 7. c3 Bxd4 8. Qxd4 Nf6 9. Qc4 0-0 10. Nc5 Nc6 11. Bf4 d5 12. Qb5 dxe4 13. Qxa5 Nxa5 14. Bg5 b6 15. Bxf6 gxf6 16. Nxe4 Kg7 17. Nd6 Rd8 18. 0-0-0 Nb7 19. Nxc8 Rxd1+ 20. Kxd1 Rxc8 21. g3 Nc5 22. Kc2 Rd8 23. Bg2 f5 24. b4 Ne4 25. Bxe4 fxe4 26. Re1 f5 27. Rd1 Rxd1 28. Kxd1 Kf6 29. Kd2 Ke5 30. Ke3 b5 31. h3 h5 32. h4 Kd5 33. Kf4 Kc4 34. Kg5 Kd3 35. Kxh5 Ke2 36. Kg6 Kxf2 37. h5 e3 38. h6 e2 39. h7 e1Q 40. h8Q Kxg3 41. Qb8+ f4 42. Qxb5 Qe4+ 43. Kg7 f3 0-1

[Event "Gibraltar Masters 12th"]
[Site "Caleta"]
[Date "2014.01.29"]
[Round "2"]
[White "Byron, Alan M"]
[Black "Nordstrom, Hakon N"]
[Result "0-1"]
[WhiteElo "2149"]
[BlackElo "1835"]
[PlyCount "78"]
[EventDate "2014.01.28"]
[EventType "swiss"]
[EventRounds "10"]
[EventCountry "GGB"]
[SourceTitle "CBM 159"]
[Source "ChessBase"]
[SourceDate "2014.03.17"]
[SourceVersion "1"]
[SourceVersionDate "2014.03.17"]
[SourceQuality "1"]

1. e4 e6 2. d4 d5 3. e5 c5 4. c3 Nc6 5. Nf3 Qb6 6. a3 c4 7. Nbd2 Na5 8. g3 Bd7 9. Bh3 Be7 10. 0-0 h5 11. Ne1 g5 12. f4 g4 13. Bg2 Nh6 14. Nc2 Ba4 15. Rf2 Nf5 16. Nf1 0-0-0 17. Rb1 Bb3 18. Ra1 Rdg8 19. Qe2 Bxc2 20. Qxc2 Nb3 21. Rb1 h4 22. Bxd5 hxg3 23. hxg3 Nfxd4 24. cxd4 exd5 25. Be3 Nxd4 26. Bxd4 Qxd4 27. Rd1 Qe4 28. Qxe4 dxe4 29. Re2 Bc5+ 30. Kg2 Rh6 31. Rxe4 b5 32. f5 Kc7 33. e6 fxe6 34. fxe6 Re8 35. Rd5 Bb6 36. Rxb5 Rhxe6 37. Rxc4+ Kb7 38. Rxg4 Re2+ 39. Kf3 Rf2# 0-1

[Event "Politiken Cup 35th"]
[Site "Helsingor"]
[Date "2013.08.03"]
[Round "9"]
[White "Nordstrom, Hakon N"]
[Black "Svendsen, Petter"]
[Result "1-0"]
[WhiteElo "1830"]
[BlackElo "1974"]
[PlyCount "81"]
[EventDate "2013.07.27"]
[EventType "swiss"]
[EventRounds "10"]
[EventCountry "DEN"]
[SourceTitle "CBM 155 Extra"]
[Source "ChessBase"]
[SourceDate "2013.08.26"]
[SourceVersion "1"]
[SourceVersionDate "2013.08.26"]
[SourceQuality "1"]

1. d4 g6 2. e4 d6 3. Nc3 Nf6 4. f4 Bg7 5. Nf3 0-0 6. Be3 Nc6 7. Qd2 d5 8. e5 Ng4 9. Bg1 Nh6 10. 0-0-0 Bg4 11. h3 Bxf3 12. gxf3 Nf5 13. Bd3 Nfxd4 14. Bxd4 Nxd4 15. Bxg6 fxg6 16. Qxd4 e6 17. h4 Bh6 18. Ne2 Rf5 19. Rdg1 Kh8 20. Rg4 Qf8 21. Kb1 Qf7 22. h5 gxh5 23. Rgh4 Rg8 24. Qf2 Bxf4 25. Nxf4 Rxf4 26. Rxh5 Rg7 27. Qxa7 Rxf3 28. b3 Rf1+ 29. Rxf1 Qxf1+ 30. Kb2 Qd1 31. Qf2 Kg8 32. Rh6 Rg1 33. Rxe6 Qc1+ 34. Kc3 Qa1+ 35. Kb4 Rg4+ 36. c4 c5+ 37. Kb5 h5 38. Re8+ Kh7 39. Qf7+ Kh6 40. Qf6+ Kh7 41. Rh8# 1-0

[Event "Politiken Cup 35th"]
[Site "Helsingor"]
[Date "2013.07.27"]
[Round "1"]
[White "Nordstrom, Hakon N"]
[Black "Nilsen, Joachim Birger"]
[Result "0-1"]
[WhiteElo "1830"]
[BlackElo "2259"]
[PlyCount "60"]
[EventDate "2013.07.27"]
[EventType "swiss"]
[EventRounds "10"]
[EventCountry "DEN"]
[SourceTitle "CBM 155 Extra"]
[Source "ChessBase"]
[SourceDate "2013.08.26"]
[SourceVersion "1"]
[SourceVersionDate "2013.08.26"]
[SourceQuality "1"]

1. d4 e6 2. e4 d5 3. e5 b6 4. Nf3 Qd7 5. Bd3 Ba6 6. 0-0 c5 7. c3 Bxd3 8. Qxd3 Nc6 9. Be3 c4 10. Qe2 Nge7 11. Nbd2 Rc8 12. b3 Na5 13. b4 Nac6 14. a4 Ng6 15. Ne1 Be7 16. f4 f5 17. g4 fxg4 18. Qxg4 0-0 19. Nef3 Rf5 20. h4 Rcf8 21. Ng5 Bxg5 22. fxg5 Qf7 23. h5 Nf4 24. Bxf4 Rxf4 25. Rxf4 Qxf4 26. Qxe6+ Kh8 27. Qxc6 Qxd2 28. Qxd5 Qxc3 29. Rd1 Qe3+ 30. Kh2 Qe2+ 0-1

[Event "NOR-ch U20"]
[Site "Lillehammer"]
[Date "2013.06.29"]
[Round "7"]
[White "Nordstrom, Hakon N"]
[Black "Aartun, Magnus"]
[Result "1/2-1/2"]
[WhiteElo "1748"]
[BlackElo "1673"]
[PlyCount "130"]
[EventDate "2013.06.29"]
[EventType "swiss"]
[EventRounds "9"]
[EventCountry "NOR"]
[SourceTitle "EXT 2017"]
[Source "ChessBase"]
[SourceDate "2016.10.25"]
[SourceVersion "1"]
[SourceVersionDate "2016.10.25"]
[SourceQuality "1"]

1. e4 d5 2. exd5 Qxd5 3. Nc3 Qd6 4. Nf3 Nf6 5. d4 a6 6. g3 Bg4 7. Bg2 Nc6 8. Be3 e6 9. 0-0 h5 10. Re1 h4 11. d5 Nb4 12. dxe6 fxe6 13. Qe2 0-0-0 14. Rad1 Nbd5 15. Nxd5 exd5 16. c4 Qe6 17. Qc2 hxg3 18. hxg3 Bb4 19. Bd2 Qb6 20. Bxb4 Qxb4 21. cxd5 Nxd5 22. Re4 Bf5 23. Ne5 Bxe4 24. Bxe4 Nf6 25. Rc1 Qa5 26. Nf3 Rd2 27. Bxb7+ Kb8 28. Qb3 Rf8 29. Bxa6+ Qb6 30. Qxb6+ cxb6 31. Ng5 Rxb2 32. Ne6 Rf7 33. Nd8 Rc7 34. Nc6+ Ka8 35. a4 Nd5 36. Bb5 Ne7 37. Rc4 Nxc6 38. Rxc6 Rf7 39. Rxb6 Ka7 40. Be8 Rfxf2 41. Rxb2 Rxb2 42. g4 Rb4 43. Bd7 Rd4 44. Bf5 Rxa4 45. Kg2 Ra3 46. Be4 Kb6 47. g5 Re3 48. Bb1 Kc5 49. Bh7 Kd5 50. Bg8+ Ke5 51. Bf7 Kf4 52. g6 Ra3 53. Kf2 Rh3 54. Kg2 Rc3 55. Be8 Kf5 56. Bf7 Kf6 57. Kf2 Rc7 58. Kg3 Rxf7 59. gxf7 Kxf7 60. Kf3 Ke6 61. Kg4 Kf6 62. Kf4 g6 63. Kg4 g5 64. Kg3 Kf5 65. Kf3 g4+ 1/2-1/2

[Event "Fagernes Norsk op"]
[Site "Fagernes"]
[Date "2013.03.24"]
[Round "2"]
[White "Gronnestad, Anita"]
[Black "Nordstrom, Hakon N"]
[Result "1-0"]
[WhiteElo "2001"]
[BlackElo "1835"]
[PlyCount "29"]
[EventDate "2013.03.24"]
[EventType "swiss"]
[EventRounds "9"]
[EventCountry "NOR"]
[SourceTitle "CBM 153 Extra"]
[Source "ChessBase"]
[SourceDate "2013.04.22"]
[SourceVersion "1"]
[SourceVersionDate "2013.04.22"]
[SourceQuality "1"]

1. c4 f5 2. Nc3 e6 3. d4 Nf6 4. Nf3 c6 5. Bf4 d5 6. e3 Nbd7 7. Rc1 Be7 8. cxd5 Nxd5 9. Bd3 Nxf4 10. exf4 0-0 11. 0-0 Bd6 12. Ne5 Nf6 13. Re1 Qb6 14. Bf1 Qxb2 15. Nc4 1-0

[Event "Fagernes Norsk op"]
[Site "Fagernes"]
[Date "2013.03.24"]
[Round "4"]
[White "Tangelder, Yonne"]
[Black "Nordstrom, Hakon N"]
[Result "0-1"]
[WhiteElo "1781"]
[BlackElo "1835"]
[PlyCount "62"]
[EventDate "2013.03.24"]
[EventType "swiss"]
[EventRounds "9"]
[EventCountry "NOR"]
[SourceTitle "CBM 153 Extra"]
[Source "ChessBase"]
[SourceDate "2013.04.22"]
[SourceVersion "1"]
[SourceVersionDate "2013.04.22"]
[SourceQuality "1"]

1. e4 e6 2. d4 d5 3. e5 c5 4. c3 Nc6 5. Be3 Qb6 6. Qd2 Nge7 7. dxc5 Qc7 8. f4 Nf5 9. Bf2 Bd7 10. Na3 Qa5 11. Nb5 Rc8 12. Nd6+ Bxd6 13. exd6 d4 14. g4 Qxc5 15. gxf5 Qd5 16. Bxd4 Qxh1 17. 0-0-0 0-0 18. f6 Qd5 19. fxg7 Rfe8 20. Bf6 Qxa2 21. Bd3 Qa1+ 22. Bb1 Nb4 23. Qe3 Na2+ 24. Kd2 Qxb2+ 25. Ke1 e5 26. Bxa2 exf4 27. Bxf7+ Kxf7 28. g8Q+ Kxg8 29. Qe7 Rxe7+ 30. dxe7 Kf7 31. Rxd7 Kxf6 0-1

[Event "Nordic-ch U18 Gp-B"]
[Site "Bifrost"]
[Date "2013.02.09"]
[Round "3"]
[White "Rydstrom, Tom"]
[Black "Nordstrom, Hakon N"]
[Result "1-0"]
[WhiteElo "2151"]
[BlackElo "1845"]
[PlyCount "39"]
[EventDate "2013.02.08"]
[EventType "swiss"]
[EventRounds "6"]
[EventCountry "ISL"]
[SourceTitle "EXT 2014"]
[Source "ChessBase"]
[SourceDate "2013.11.20"]
[SourceVersion "1"]
[SourceVersionDate "2013.11.20"]
[SourceQuality "1"]

1. e4 e6 2. d4 d5 3. Nc3 Bb4 4. e5 c5 5. a3 Bxc3+ 6. bxc3 Ne7 7. Qg4 Qc7 8. Qxg7 Rg8 9. Qxh7 cxd4 10. Ne2 Nbc6 11. f4 Bd7 12. h4 dxc3 13. h5 0-0-0 14. Qd3 d4 15. Ng3 Nd5 16. Ne4 Rg4 17. Qf3 Rdg8 18. Nd6+ Kb8 19. h6 d3 20. Bxd3 1-0

[Event "Bergen op"]
[Site "Bergen"]
[Date "2012.11.23"]
[Round "4"]
[White "Nordstrom, Hakon N"]
[Black "Strand, Oyvin"]
[Result "1-0"]
[WhiteElo "1696"]
[BlackElo "1777"]
[PlyCount "53"]
[EventDate "2012.11.23"]
[EventType "swiss"]
[EventRounds "5"]
[EventCountry "NOR"]
[SourceTitle "CBM 151 Extra"]
[Source "ChessBase"]
[SourceDate "2012.12.18"]
[SourceVersion "1"]
[SourceVersionDate "2012.12.18"]
[SourceQuality "1"]

1. e4 g6 2. d4 Bg7 3. Nc3 d6 4. f4 a6 5. Nf3 b5 6. Be3 Bb7 7. e5 e6 8. Be2 Ne7 9. 0-0 0-0 10. g4 b4 11. Nb1 Nd5 12. Bd2 Nd7 13. c4 bxc3 14. Nxc3 f6 15. f5 Qe7 16. g5 dxe5 17. dxe5 fxg5 18. f6 Qc5+ 19. Rf2 Bh6 20. Ne4 Qb6 21. h4 g4 22. Bxh6 gxf3 23. Bxf3 Rfd8 24. f7+ Kxf7 25. Bg4+ Kg8 26. Ng5 Nf8 27. Qf3 1-0

[Event "Arco op 34th"]
[Site "Arco"]
[Date "2012.10.18"]
[Round "6"]
[White "Nordstrom, Hakon N"]
[Black "Beltrami, Nerio"]
[Result "1-0"]
[WhiteElo "1780"]
[BlackElo "1926"]
[PlyCount "79"]
[EventDate "2012.10.13"]
[EventType "swiss"]
[EventRounds "9"]
[EventCountry "ITA"]
[SourceTitle "EXT 2013"]
[Source "ChessBase"]
[SourceDate "2012.11.22"]
[SourceVersion "1"]
[SourceVersionDate "2012.11.22"]
[SourceQuality "1"]

1. e4 d6 2. d4 g6 3. Nc3 c6 4. a4 Bg7 5. f4 Qb6 6. Nf3 Bg4 7. Ne2 Bxf3 8. gxf3 Nd7 9. a5 Qc7 10. Nc3 e6 11. Be3 Ne7 12. Qd2 d5 13. Bh3 0-0 14. Rg1 c5 15. exd5 Nxd5 16. Nxd5 exd5 17. 0-0-0 cxd4 18. Bxd4 Bh6 19. Rg4 Nc5 20. Kb1 Ne6 21. Be5 Qc4 22. Qxd5 Qe2 23. Rg2 Qa6 24. Bxe6 fxe6 25. Qe4 Rad8 26. Rxg6+ Kf7 27. Rf6+ Ke8 28. Rxd8+ Kxd8 29. Rxf8+ Bxf8 30. Qxh7 Qf1+ 31. Ka2 Qc4+ 32. b3 Qc5 33. Qd3+ Ke8 34. Qc3 Qa3+ 35. Kb1 Bb4 36. Qc8+ Kf7 37. Qxb7+ Be7 38. Qxa7 Kg6 39. a6 Bf8 40. Qb7 1-0

[Event "Politiken Cup 34th"]
[Site "Helsingor"]
[Date "2012.07.31"]
[Round "5"]
[White "Andersen, Dag"]
[Black "Nordstrom, Hakon N"]
[Result "1-0"]
[WhiteElo "1907"]
[BlackElo "1776"]
[PlyCount "47"]
[EventDate "2012.07.28"]
[EventType "swiss"]
[EventRounds "10"]
[EventCountry "DEN"]
[SourceTitle "CBM 149 Extra"]
[Source "ChessBase"]
[SourceDate "2012.08.24"]
[SourceVersion "1"]
[SourceVersionDate "2012.08.24"]
[SourceQuality "1"]

1. d4 e6 2. Nf3 b6 3. c4 Bb7 4. g3 f5 5. Bg2 Bb4+ 6. Bd2 Qe7 7. 0-0 Bxd2 8. Qxd2 Nf6 9. Nc3 d6 10. d5 e5 11. Nh4 g6 12. e4 Bc8 13. exf5 Bxf5 14. Nxf5 gxf5 15. Qg5 f4 16. Qf5 fxg3 17. hxg3 Nbd7 18. Nb5 Kd8 19. Rfe1 Kc8 20. Nd4 Kb7 21. b4 Raf8 22. Ne6 Rf7 23. c5 dxc5 24. d6+ 1-0

[Event "Politiken Cup 34th"]
[Site "Helsingor"]
[Date "2012.07.29"]
[Round "2"]
[White "Nordstrom, Hakon N"]
[Black "Vanheirzeele, Daniel"]
[Result "1/2-1/2"]
[WhiteElo "1776"]
[BlackElo "2145"]
[PlyCount "31"]
[EventDate "2012.07.28"]
[EventType "swiss"]
[EventRounds "10"]
[EventCountry "DEN"]
[SourceTitle "CBM 149 Extra"]
[Source "ChessBase"]
[SourceDate "2012.08.24"]
[SourceVersion "1"]
[SourceVersionDate "2012.08.24"]
[SourceQuality "1"]

1. e4 c5 2. Nf3 d6 3. d4 cxd4 4. Nxd4 Nf6 5. Nc3 g6 6. f3 a6 7. Bc4 b5 8. Bb3 Bb7 9. a4 b4 10. Na2 a5 11. c3 bxc3 12. Nxc3 Bg7 13. Bxf7+ Kxf7 14. Qb3+ d5 15. Qxb7 Ra6 16. Qb3 1/2-1/2

[Event "Politiken Cup 34th"]
[Site "Helsingor"]
[Date "2012.07.29"]
[Round "3"]
[White "Vesterli, Michael"]
[Black "Nordstrom, Hakon N"]
[Result "1-0"]
[WhiteElo "2029"]
[BlackElo "1776"]
[PlyCount "79"]
[EventDate "2012.07.28"]
[EventType "swiss"]
[EventRounds "10"]
[EventCountry "DEN"]
[SourceTitle "CBM 149 Extra"]
[Source "ChessBase"]
[SourceDate "2012.08.24"]
[SourceVersion "1"]
[SourceVersionDate "2012.08.24"]
[SourceQuality "1"]

1. d4 Nf6 2. c4 c5 3. d5 b5 4. Nf3 d6 5. Qc2 g6 6. e4 Nbd7 7. cxb5 a6 8. Nc3 Bg7 9. bxa6 Qa5 10. Bd2 Bxa6 11. Na4 Qc7 12. Bxa6 Rxa6 13. 0-0 0-0 14. Bg5 Rb8 15. Nd2 h6 16. Bf4 Nh5 17. Be3 Qa5 18. Nc3 Rxb2 19. Qxb2 Bxc3 20. Qb7 Bxa1 21. Rxa1 Ra7 22. Qc8+ Kh7 23. Qe8 Ne5 24. h4 Qc3 25. Rb1 Rxa2 26. Nf1 Ra1 27. Rb8 Rxf1+ 28. Kxf1 Ng3+ 29. fxg3 Qd3+ 30. Kg1 Qd1+ 31. Kh2 Ng4+ 32. Kh3 Qh1+ 33. Kxg4 Qd1+ 34. Kf4 Qf1+ 35. Bf2 Qc1+ 36. Kf3 Qd1+ 37. Ke3 Qd4+ 38. Kf4 g5+ 39. Kg4 Qd1+ 40. Kf5 1-0

[Event "Politiken Cup 34th"]
[Site "Helsingor"]
[Date "2012.07.28"]
[Round "1"]
[White "Leutwyler, Martin"]
[Black "Nordstrom, Hakon N"]
[Result "1/2-1/2"]
[WhiteElo "2190"]
[BlackElo "1776"]
[PlyCount "55"]
[EventDate "2012.07.28"]
[EventType "swiss"]
[EventRounds "10"]
[EventCountry "DEN"]
[SourceTitle "CBM 149 Extra"]
[Source "ChessBase"]
[SourceDate "2012.08.24"]
[SourceVersion "1"]
[SourceVersionDate "2012.08.24"]
[SourceQuality "1"]

1. d4 Nf6 2. Nf3 g6 3. c4 c5 4. Nc3 Bg7 5. e4 Qa5 6. Bd2 cxd4 7. Nxd4 Qe5 8. Nf3 Qe6 9. Bd3 Na6 10. 0-0 b6 11. Re1 Nc5 12. Bf1 Bb7 13. e5 Nfe4 14. Nxe4 Nxe4 15. Bd3 Nxd2 16. Nd4 Nf3+ 17. Nxf3 Qg4 18. h3 Bxf3 19. hxg4 Bxd1 20. Raxd1 e6 21. Bc2 Rc8 22. Ba4 Rc7 23. Rxd7 Rxd7 24. Rd1 0-0 25. Rxd7 Bxe5 26. b4 Rc8 27. Bb5 Rc7 28. Rxc7 1/2-1/2

[Event "Politiken Cup 33rd"]
[Site "Helsingor"]
[Date "2011.08.04"]
[Round "7"]
[White "Elzubeir, Omar"]
[Black "Nordstrom, Hakon N"]
[Result "0-1"]
[WhiteElo "1497"]
[BlackElo "1768"]
[PlyCount "124"]
[EventDate "2011.07.30"]
[EventType "swiss"]
[EventRounds "10"]
[EventCountry "DEN"]
[SourceTitle "CBM 143 Extra"]
[Source "ChessBase"]
[SourceDate "2011.08.29"]
[SourceVersion "1"]
[SourceVersionDate "2011.08.29"]
[SourceQuality "1"]

1. e4 e6 2. Nf3 d5 3. exd5 exd5 4. Bb5+ c6 5. Be2 Nf6 6. d4 Bd6 7. Bg5 Bg4 8. Ne5 Bxe2 9. Qxe2 0-0 10. 0-0 Re8 11. f4 Nbd7 12. Qf3 Qb6 13. Qc3 Nxe5 14. fxe5 Ne4 15. Qe3 Nxg5 16. Qxg5 Qxd4+ 17. Kh1 Rxe5 18. c3 Qc4 19. Qc1 Rh5 20. h3 Qe2 21. Rf3 Qe5 22. Qg1 Qe2 23. Qf2 Qd1+ 24. Qf1 Qxf1+ 25. Rxf1 Re8 26. Nd2 Rhe5 27. Nf3 Re2 28. Rae1 Rxe1 29. Rxe1 Rxe1+ 30. Nxe1 f6 31. Nf3 Kf7 32. Kg1 Ke6 33. Kf1 Kf5 34. Nd4+ Ke5 35. Ke2 Bc5 36. Nf3+ Kf4 37. b4 Bb6 38. a4 a5 39. Ne1 axb4 40. cxb4 Ke4 41. Nd3 Kd4 42. Kd2 Kc4 43. Kc2 Bd4 44. g4 Bc3 45. b5 cxb5 46. axb5 d4 47. h4 Kxb5 48. Kb3 Kc6 49. Nf4 Kd6 50. Kc4 Ke5 51. Nd3+ Ke4 52. Nc5+ Kf4 53. Ne6+ Kxg4 54. Nxg7 b5+ 55. Kd3 b4 56. Kc2 Kf3 57. Nh5 Ke3 58. Ng3 d3+ 59. Kd1 b3 60. Nf1+ Kf2 61. Nd2 Bxd2 62. Kxd2 b2 0-1